| 000 | 01875cam a22003974i 4500 | ||
|---|---|---|---|
| 001 | 18384492 | ||
| 005 | 20221221103859.0 | ||
| 008 | 141124s2015 enk b 001 0 eng | ||
| 010 | _a 2014045174 | ||
| 020 | _a9781138807143 (hardback) | ||
| 020 | _a9781138807167 (paperback) | ||
| 020 | _z9781315878836 (ebook) | ||
| 040 |
_aDLC _beng _cDLC _erda _dDLC |
||
| 042 | _apcc | ||
| 050 | 0 | 0 |
_aJC571 _b.R353 2015 |
| 082 | 0 | 0 |
_a323,RAM _223 |
| 084 |
_aPOL000000 _aPOL010000 _aPOL011000 _2bisacsh |
||
| 100 | 1 |
_aRamcharan, B. G. _9105451 |
|
| 245 | 1 | 0 |
_aContemporary human rights ideas / _cBertrand G Ramcharan. |
| 250 | _aSecond edition. | ||
| 264 | 1 |
_aLondon ; _aNew York : _bRoutledge, Taylor & Francis Group, _c2015. |
|
| 300 |
_axvi, 201 pages ; _c22 cm. |
||
| 336 |
_atext _btxt _2rdacontent |
||
| 337 |
_aunmediated _bn _2rdamedia |
||
| 338 |
_avolume _bnc _2rdacarrier |
||
| 490 | 0 |
_aRoutledge global institutions series ; _v102 |
|
| 505 | _aIntroduction (Page-1), History: shared heritage, common struggle (Page-10), Human rights in the world community (Page-33), International obligation (Page-50), Universality (Page-62), Equality (Page-72), Democracy (Page-84), Development (Page-97), International cooperation and dialogue (Page-114), Protection (Page-134), Justice, remedy, and reparation (Page-165), Conclusion (Page-177). | ||
| 650 | 0 | _aHuman rights. | |
| 650 | 0 |
_aHuman rights _xInternational cooperation. _9103186 |
|
| 650 | 7 |
_aPOLITICAL SCIENCE / General. _2bisacsh _9105266 |
|
| 650 | 7 |
_aPOLITICAL SCIENCE / History & Theory. _2bisacsh _997133 |
|
| 650 | 7 |
_aPOLITICAL SCIENCE / International Relations / General. _2bisacsh _997134 |
|
| 906 |
_a7 _bcbc _corignew _d1 _eecip _f20 _gy-gencatlg |
||
| 942 |
_2ddc _cBK _k323,RAM |
||
| 999 |
_c592756 _d592756 |
||